000 01070nam a2200253 i 4500
001 165710
003 ES-MaACL
005 20251009191830.0
008 931025s1785 sp ax |||| | lat d
040 _aCARM
_bspa
_cPAB
245 0 0 _aSS. PP. Toletanorum quotquot extant Opera
_b: nunc primum simul edita ... : tomus secundus ... /
_copera, auctoritate, et expensis ... Francisci de Lorenzana ... Archiepiscopi Toletani.
260 _aMatriti :
_bapud Ioachinum Ibarra ...,
_c1785.
300 _a[6], XXII, 642 [i.e. 640] p. ;
_cFol.
596 _aMarca tip. en port. (Vindel, 605)
597 _aSign.: a6, b-c4, A-Z4, 2A-2Z4, 3A-3Z4, 4A-4L4.
597 _aError de pag., de p. 632 pasa a 635.
597 _aTexto a dos col.
599 _aIlustraciones xil., a partir de p. 609.
650 _aPatrística.
_915895
651 4 _aToledo (Provincia)-
_xHistoria eclesiástica.
_9142698
700 1 _aLorenzana, Francisco Antonio de,
_d1722-1804
_9151831
852 _aES-MaACL
_jR-98-100
_z-- Enc. pasta española
_x Olim: 293-5
999 _c165710
_d165710